[Event "39th Pan-American U20"]
[Site "Asuncion PAR"]
[Date "2014.06.21"]
[Round "1.1"]
[White "Henriquez Villagra, Cristobal"]
[Black "Villalba, Marcelo"]
[Result "1-0"]
[WhiteElo "2459"]
[BlackElo "2195"]
[EventDate "2014.06.21"]
[PlyCount "99"]

1.e4 c5 2.Nf3 g6 3.d4 cxd4 4.Nxd4 Bg7 5.Nc3 Nc6 6.Nde2 Nf6 7.g3 O-O 8.Bg2 
d6 9.O-O Bd7 10.h3 Na5 11.Qd3 Rc8 12.b3 a6 13.Be3 b5 14.a3 Qc7 15.Rac1 e6 
16.Rfd1 Nb7 17.b4 Bc6 18.a4 Nd7 19.f4 Nb6 20.axb5 axb5 21.Nd4 Bxd4 22.Bxd4
Nc4 23.Re1 f6 24.Nd1 Ra8 25.Ne3 Ra3 26.c3 e5 27.Nxc4 bxc4 28.Qxc4+ Kg7 29.
Bf2 Qd7 30.Qe2 Nd8 31.Qd2 exf4 32.gxf4 Ne6 33.Rcd1 Ba4 34.Ra1 Rxa1 35.Rxa1
g5 36.fxg5 fxg5 37.c4 Nf4 38.b5 Ra8 39.e5 Nxg2 40.Qxg5+ Kf7 41.Qf6+ Kg8 
42.e6 Qg7 43.Qxg7+ Kxg7 44.Kxg2 Kf6 45.Re1 Rg8+ 46.Kh2 Re8 47.Bh4+ Kf5 48.
e7 Bb3 49.Rf1+ Ke6 50.Rf8 1-0

[Event "39th Pan-American U20"]
[Site "Asuncion PAR"]
[Date "2014.06.21"]
[Round "1.2"]
[White "Crespo Hidalgo, Carlos"]
[Black "Leiva, Giuseppe"]
[Result "0-1"]
[WhiteElo "2172"]
[BlackElo "2405"]
[EventDate "2014.06.21"]
[PlyCount "106"]

1.d4 Nf6 2.c4 e6 3.Nc3 Bb4 4.Qc2 d5 5.cxd5 exd5 6.Bg5 h6 7.Bxf6 Qxf6 8.e3 
O-O 9.a3 Bxc3+ 10.Qxc3 c6 11.Nf3 Re8 12.Bd3 Bf5 13.Bxf5 Qxf5 14.b4 Nd7 15.
O-O Nb6 16.a4 Nc4 17.Nd2 Nd6 18.Rab1 a6 19.Rfc1 Re6 20.Qc2 Qh5 21.Qd3 Rae8
22.Rc5 Rg6 23.g3 Rf6 24.Rbc1 Qg4 25.R5c2 h5 26.Qf1 Rxe3 27.fxe3 Rxf1+ 28.
Nxf1 Qf5 29.Rf2 Qd3 30.Rcc2 Ne4 31.Rfe2 Qb3 32.a5 Qxb4 33.Rb2 Qc4 34.Rec2 
Qd3 35.Rc1 Nd6 36.Ra1 Nc4 37.Rxb7 Nxe3 38.Nxe3 Qxe3+ 39.Kg2 Qxd4 40.Rab1 
Qd2+ 41.Kh3 Qxa5 42.Rd7 Qa4 43.Rb8+ Kh7 44.Rxf7 Qg4+ 45.Kg2 Qe2+ 46.Kg1 
Qe1+ 47.Kg2 d4 48.Rbb7 Qe5 49.Rbe7 Qg5 50.h4 Qg6 51.Rd7 c5 52.Rfe7 d3 53.
Rd5 c4 0-1

[Event "39th Pan-American U20"]
[Site "Asuncion PAR"]
[Date "2014.06.21"]
[Round "1.3"]
[White "Vazquez, Guillermo"]
[Black "Mendoza, Rodrigo"]
[Result "1-0"]
[WhiteElo "2330"]
[BlackElo "2155"]
[EventDate "2014.06.21"]
[PlyCount "61"]

1.e4 c6 2.d4 d5 3.e5 Bf5 4.Be3 e6 5.Nd2 Nd7 6.Ngf3 a6 7.Be2 Bg6 8.O-O Ne7 
9.Nh4 Nf5 10.Nxf5 exf5 11.c4 dxc4 12.Nxc4 Be7 13.d5 O-O 14.d6 Bg5 15.f4 
Bh6 16.Qd2 Re8 17.Na5 Rb8 18.Bxa6 Nxe5 19.Nxb7 Rxb7 20.fxe5 Bxe3+ 21.Qxe3 
Rxb2 22.Rfe1 Qa5 23.Bc4 f4 24.Qxf4 Reb8 25.Rf1 Kh8 26.e6 Qc5+ 27.Kh1 R2b4 
28.e7 h6 29.Rac1 f6 30.a3 f5 31.Qe3 1-0

[Event "39th Pan-American U20"]
[Site "Asuncion PAR"]
[Date "2014.06.21"]
[Round "1.4"]
[White "Queiroz, Alberto Becker"]
[Black "Barros Rivadeneira, Cristhian"]
[Result "0-1"]
[WhiteElo "2136"]
[BlackElo "2323"]
[EventDate "2014.06.21"]
[PlyCount "108"]

1.e4 c5 2.Nf3 Nc6 3.Bb5 g6 4.Bxc6 dxc6 5.d3 Bg7 6.O-O e5 7.Be3 Qe7 8.h3 
Nf6 9.Nc3 Nd7 10.Qd2 h6 11.Nh2 g5 12.Ne2 Nf8 13.Ng3 Ng6 14.Qc3 b6 15.b4 
O-O 16.bxc5 b5 17.a4 a6 18.axb5 cxb5 19.Qb4 Be6 20.c3 Nf4 21.Rfd1 Rfd8 22.
d4 exd4 23.cxd4 Bc4 24.f3 Ne2+ 25.Nxe2 Bxe2 26.Rd2 Bc4 27.Bf2 Rd7 28.Ng4 
Qd8 29.Rad1 a5 30.Qb1 a4 31.Ne3 Bb3 32.Nf5 Bxd1 33.Rxd1 a3 34.Qa2 b4 35.
Nxg7 Kxg7 36.d5 Rb7 37.c6 b3 38.Bd4+ f6 39.cxb7 bxa2 40.bxa8=Q Qxa8 41.Ba1
Qa4 42.Re1 Qb4 43.Kf1 Kg6 44.Rd1 Qb3 45.Ke1 Qe3+ 46.Kf1 Kh5 47.Re1 Qd2 48.
Re2 Qc1+ 49.Re1 Qc5 50.Rd1 Qc2 51.Re1 Kh4 52.Re2 Qb1+ 53.Re1 Kg3 54.e5 Qb2
0-1

[Event "39th Pan-American U20"]
[Site "Asuncion PAR"]
[Date "2014.06.21"]
[Round "1.5"]
[White "Diaz Rosas, Julio Cesar"]
[Black "Squella Lavin, Carlos Felipe"]
[Result "1/2-1/2"]
[WhiteElo "2290"]
[BlackElo "2136"]
[EventDate "2014.06.21"]
[PlyCount "109"]

1.d4 d5 2.c4 c6 3.Nf3 Nf6 4.Qc2 g6 5.g3 Bg7 6.Bg2 O-O 7.O-O Bf5 8.Qb3 Qb6 
9.c5 Qa6 10.Nc3 Nbd7 11.Bf4 h6 12.Rfe1 g5 13.Be5 Ne4 14.Bxg7 Kxg7 15.Nxe4 
Bxe4 16.Bh3 e6 17.Nd2 Bg6 18.Qc3 b6 19.cxb6 Qxb6 20.Rac1 Rfc8 21.Nb3 Kh7 
22.Bf1 a5 23.e3 a4 24.Nc5 Nxc5 25.dxc5 Qc7 26.f4 Re8 27.Bd3 f5 28.Rf1 e5 
29.Be2 gxf4 30.gxf4 e4 31.Bd1 Rg8 32.Qf6 Raf8 33.Qd6 Qg7 34.Kf2 Rd8 35.Qe5
Qxe5 36.fxe5 d4 37.Bxa4 f4 38.exd4 Rxd4 39.Bxc6 Bh5 40.Ke1 Rg2 41.Rxf4 Bf3
42.Rxf3 exf3 43.e6 Rf4 44.Kf1 Rg7 45.Rc3 f2 46.Rg3 Rc7 47.Rf3 Rxf3 48.Bxf3
Rxc5 49.e7 Re5 50.b4 Rxe7 51.b5 Ra7 52.Bd5 Ra5 53.Bc4 Ra4 54.Bd5 Ra5 55.
Bc4 1/2-1/2

[Event "39th Pan-American U20"]
[Site "Asuncion PAR"]
[Date "2014.06.21"]
[Round "1.6"]
[White "Bueno Gauna, Cristian Alejandr"]
[Black "Principe, Alexander"]
[Result "1/2-1/2"]
[WhiteElo "2052"]
[BlackElo "2250"]
[EventDate "2014.06.21"]
[PlyCount "51"]

1.e4 c5 2.Nf3 d6 3.Bb5+ Bd7 4.Bxd7+ Nxd7 5.O-O Ngf6 6.Re1 e6 7.c3 Be7 8.d4
Qc7 9.d5 e5 10.c4 g6 11.Nc3 Nh5 12.Be3 O-O 13.Bh6 Rfe8 14.g4 Ng7 15.Ng5 
Nb6 16.b3 Qd8 17.h4 Bf8 18.Qf3 f6 19.Bxg7 fxg5 20.Bf6 Be7 21.hxg5 Rf8 22.
Kg2 Bxf6 23.gxf6 Rxf6 24.Qe2 Qd7 25.Rh1 Raf8 26.Raf1 1/2-1/2

[Event "39th Pan-American U20"]
[Site "Asuncion PAR"]
[Date "2014.06.21"]
[Round "1.7"]
[White "Carneiro, Vitor Roberto Castr"]
[Black "Beroiz, Julian"]
[Result "1/2-1/2"]
[WhiteElo "2245"]
[BlackElo "1895"]
[EventDate "2014.06.21"]
[PlyCount "68"]

1.c4 e6 2.g3 d5 3.Bg2 Nf6 4.Nf3 c6 5.O-O Bd6 6.d4 Nbd7 7.Qc2 O-O 8.Nbd2 e5
9.cxd5 cxd5 10.dxe5 Nxe5 11.Nxe5 Bxe5 12.Nf3 Bd6 13.Rd1 h6 14.Bf4 Bxf4 15.
gxf4 g6 16.Nd4 Qd6 17.e3 Bg4 18.Rdc1 Rac8 19.Qb3 b6 20.Qa4 Rc5 21.Nb3 
Rxc1+ 22.Rxc1 Rc8 23.Rxc8+ Bxc8 24.Qxa7 Qc6 25.Qe7 Qc2 26.h3 Ne4 27.Bxe4 
dxe4 28.Kg2 Ba6 29.Qd8+ Kh7 30.Qxb6 Bf1+ 31.Kxf1 Qd1+ 32.Kg2 Qf3+ 33.Kg1 
Qd1+ 34.Kh2 Qf1 1/2-1/2

[Event "39th Pan-American U20"]
[Site "Asuncion PAR"]
[Date "2014.06.21"]
[Round "1.8"]
[White "Heinechen, Juan"]
[Black "Blandon Villa, Diego F"]
[Result "1/2-1/2"]
[WhiteElo "1767"]
[BlackElo "2220"]
[EventDate "2014.06.21"]
[PlyCount "69"]

1.e4 c5 2.Nc3 Nc6 3.g3 g6 4.Bg2 Bg7 5.d3 e6 6.f4 Nge7 7.Nf3 d6 8.O-O O-O 
9.Be3 Nd4 10.Qd2 Qa5 11.Nd5 Nec6 12.Qxa5 Nxa5 13.Bxd4 Bxd4+ 14.Nxd4 exd5 
15.Nb5 dxe4 16.Bxe4 Rd8 17.Nc7 Rb8 18.f5 Nc6 19.fxg6 hxg6 20.Rf6 Ne5 21.
Bd5 a6 22.c3 Bf5 23.d4 Rd7 24.dxe5 dxe5 25.Nxa6 bxa6 26.c4 Rxb2 27.Rxa6 
Bd3 28.Re1 Kg7 29.Rc6 Rxa2 30.Rxe5 Ra1+ 31.Kg2 Rda7 32.Rxc5 R7a2+ 33.Kf3 
Rxh2 34.Rc7 Rf1+ 35.Ke3 1/2-1/2

[Event "39th Pan-American U20"]
[Site "Asuncion PAR"]
[Date "2014.06.21"]
[Round "1.10"]
[White "Benitez Galeano, Alejandro"]
[Black "Cori Quispe, Kevin"]
[Result "0-1"]
[WhiteElo "1654"]
[BlackElo "2211"]
[EventDate "2014.06.21"]
[PlyCount "146"]

1.e4 c5 2.Nf3 e6 3.c3 Nf6 4.e5 Nd5 5.Bc4 b6 6.O-O Bb7 7.d4 Be7 8.Re1 O-O 
9.a3 d6 10.Bb3 cxd4 11.cxd4 dxe5 12.Nxe5 Nd7 13.Nxd7 Qxd7 14.Bc2 Rac8 15.
Qd3 g6 16.Bh6 Rfd8 17.Nd2 Qc6 18.Bd1 Nf4 19.Qf3 Nxg2 20.Qxc6 Bxc6 21.Re2 
Nh4 22.Be3 Bf6 23.Re1 Nf5 24.Nb3 Nxd4 25.Nxd4 Bxd4 26.Bg5 Rd5 27.Be3 Bxb2 
28.Rb1 Bd4 29.Bf3 Rdd8 30.Bxc6 Rxc6 31.Red1 Rcd6 32.Bxd4 Rxd4 33.Rxd4 Rxd4
34.Kg2 Kg7 35.Rc1 Kf6 36.Rc7 Ra4 37.Rc3 b5 38.Rf3+ Ke7 39.Rb3 a6 40.Kf1 h5
41.Kg1 Rc4 42.Kg2 Kd6 43.Rf3 Rc7 44.Rd3+ Kc6 45.Kf3 a5 46.Rb3 Kb6 47.Ke4 
b4 48.axb4 a4 49.Ra3 Kb5 50.Kd4 Kxb4 51.Ra1 Rd7+ 52.Ke4 a3 53.Ke3 Kb3 54.
Ke4 Kb2 55.Rg1 a2 56.Ke3 a1=Q 57.Rxa1 Kxa1 58.Ke4 f6 59.Kf4 g5+ 60.Ke3 f5 
61.Ke2 e5 62.Ke3 e4 63.Ke2 f4 64.h3 Kb2 65.f3 e3 66.Ke1 Kc3 67.Ke2 Rb7 68.
Ke1 Kd3 69.Kf1 Rb2 70.Kg1 e2 71.Kf2 Rb1 72.h4 e1=Q+ 73.Kg2 Qg3# 0-1

[Event "39th Pan-American U20"]
[Site "Asuncion PAR"]
[Date "2014.06.21"]
[Round "1.11"]
[White "Arias, Daniel"]
[Black "Avalos, Mathias"]
[Result "1-0"]
[WhiteElo "2196"]
[BlackElo "1637"]
[EventDate "2014.06.21"]
[PlyCount "67"]

1.e4 c5 2.Nf3 e6 3.d4 cxd4 4.Nxd4 Nc6 5.Nc3 a6 6.g3 Qc7 7.Bg2 Nf6 8.O-O 
Bb4 9.Nde2 O-O 10.h3 b5 11.a3 Bc5 12.Kh1 d5 13.exd5 exd5 14.Nxd5 Nxd5 15.
Qxd5 Na5 16.b4 Bxb4 17.axb4 Bb7 18.Qf5 Bxg2+ 19.Kxg2 Nc6 20.Bb2 f6 21.Qc5 
Qb7 22.Qd5+ Rf7 23.Bc3 Rd8 24.Qf3 Qb6 25.Rad1 Rfd7 26.Rxd7 Rxd7 27.Nf4 Ne7
28.Re1 Qc7 29.Ne6 Qb7 30.Qxb7 Rxb7 31.Nc5 Ra7 32.Bd2 Nc6 33.Re6 Nd4 34.
Rxa6 1-0

[Event "39th Pan-American U20"]
[Site "Asuncion PAR"]
[Date "2014.06.22"]
[Round "2.1"]
[White "Barros Rivadeneira, Cristhian"]
[Black "Henriquez Villagra, Cristobal"]
[Result "0-1"]
[WhiteElo "2323"]
[BlackElo "2459"]
[EventDate "2014.06.21"]
[PlyCount "136"]

1.e4 c5 2.Nf3 d6 3.d4 cxd4 4.Nxd4 Nf6 5.Nc3 Nc6 6.Bc4 Qb6 7.Nb3 e6 8.O-O 
a6 9.a4 Qc7 10.Be2 b6 11.Be3 Be7 12.f4 O-O 13.Bf3 Bb7 14.g4 d5 15.exd5 
Rad8 16.Qe2 Nxd5 17.Nxd5 exd5 18.Rad1 Rfe8 19.Qf2 Bh4 20.Qxh4 Rxe3 21.Bxd5
h6 22.Qf2 Rde8 23.Rde1 Rxe1 24.Rxe1 Rxe1+ 25.Qxe1 Qd7 26.Bf3 Na5 27.Bxb7 
Nxb7 28.h3 Qxa4 29.Qe5 Qd7 30.Nd4 Nd8 31.Qe4 a5 32.Kf2 Nb7 33.Ke2 Nc5 34.
Qe5 Qb7 35.Qe8+ Kh7 36.Nc6 Ne6 37.Ke3 Qc7 38.Ne5 Qc5+ 39.Kf3 Qd4 40.Nd3 
Qd5+ 41.Kg3 Nd4 42.Ne5 Ne2+ 43.Kf2 Nxf4 44.Nxf7 Qg2+ 45.Ke1 Ng6 46.Nd8 
Qh1+ 47.Kd2 Qxh3 48.Ne6 Qg2+ 49.Kc1 Qf1+ 50.Kd2 Qf6 51.b3 b5 52.Qd7 a4 53.
bxa4 bxa4 54.Qd5 a3 55.g5 Qf2+ 56.Kc3 h5 57.Qd7 Qe1+ 58.Kb3 Qe3+ 59.c3 Qe5
60.Kxa3 Qxc3+ 61.Ka2 h4 62.Nc7 Qa5+ 63.Kb3 Qxg5 64.Ne6 Qf6 65.Kc2 Nf4 66.
Nd4 h3 67.Nf3 Qg6+ 68.Kd2 h2 0-1

[Event "39th Pan-American U20"]
[Site "Asuncion PAR"]
[Date "2014.06.22"]
[Round "2.2"]
[White "Leiva, Giuseppe"]
[Black "Arias, Daniel"]
[Result "1-0"]
[WhiteElo "2405"]
[BlackElo "2196"]
[EventDate "2014.06.21"]
[PlyCount "79"]

1.d4 Nf6 2.Nf3 g6 3.c4 Bg7 4.g3 O-O 5.Bg2 d6 6.O-O Nc6 7.Nc3 a6 8.Qc2 Rb8 
9.Rd1 Bd7 10.e4 b5 11.c5 b4 12.Nd5 b3 13.axb3 Nxd5 14.exd5 Nb4 15.Qc4 e6 
16.dxe6 Bxe6 17.d5 dxc5 18.Ng5 Bc8 19.Bf4 Bxb2 20.Rab1 Bd4 21.Nf3 Bg7 22.
Ne5 Bf5 23.Rbc1 Qc8 24.h4 Na2 25.Nc6 Re8 26.Nxb8 Nxc1 27.Rxc1 Qxb8 28.Qxc5
Qxb3 29.Bxc7 Bb2 30.Rc4 Qd1+ 31.Kh2 Bd3 32.Qc6 Qe2 33.Rf4 Bb5 34.Qc5 h6 
35.d6 Be5 36.Rf3 Bd7 37.Qd5 Bf5 38.Re3 Qb5 39.Qxb5 axb5 40.f4 1-0

[Event "39th Pan-American U20"]
[Site "Asuncion PAR"]
[Date "2014.06.22"]
[Round "2.3"]
[White "Cori Quispe, Kevin"]
[Black "Vazquez, Guillermo"]
[Result "0-1"]
[WhiteElo "2211"]
[BlackElo "2330"]
[EventDate "2014.06.21"]
[PlyCount "109"]

1.e4 c5 2.Nf3 e6 3.d4 cxd4 4.Nxd4 Nc6 5.Nc3 Qc7 6.g3 a6 7.Bg2 Nge7 8.Be3 
b5 9.O-O Nxd4 10.Bxd4 Nc6 11.Re1 Nxd4 12.Qxd4 Qa7 13.Qxa7 Rxa7 14.e5 d5 
15.exd6 Bxd6 16.Ne4 Be7 17.c3 Rd7 18.Red1 Kd8 19.Kf1 Kc7 20.Ke2 f5 21.
Rxd7+ Bxd7 22.Nd2 e5 23.Bd5 Rd8 24.f3 g5 25.h3 h5 26.Bf7 Rh8 27.Rh1 Rh7 
28.Bd5 Rh6 29.b3 Kb6 30.Rh2 Bd6 31.Rh1 e4 32.fxe4 Bxg3 33.exf5 Bxf5 34.Be4
Bc8 35.Bg2 Re6+ 36.Ne4 h4 37.c4 Bf4 38.cxb5 axb5 39.Bf3 Rc6 40.a3 Be6 41.
b4 Rc2+ 42.Kd3 Ra2 43.Nc5 Rxa3+ 44.Kd4 Bc4 45.Bg4 Be3+ 46.Ke5 Bf4+ 47.Kf6 
Bd5 48.Re1 Rc3 49.Ra1 Rxc5 50.bxc5+ Kxc5 51.Bf5 Be3 52.Re1 Bf4 53.Rg1 b4 
54.Rf1 b3 55.Bg6 0-1

[Event "39th Pan-American U20"]
[Site "Asuncion PAR"]
[Date "2014.06.22"]
[Round "2.4"]
[White "Principe, Alexander"]
[Black "Cantero, Rodolfo"]
[Result "1-0"]
[WhiteElo "2250"]
[BlackElo "1722"]
[EventDate "2014.06.21"]
[PlyCount "57"]

1.e4 c5 2.Nf3 d6 3.d4 cxd4 4.Nxd4 Nf6 5.Nc3 g6 6.Be3 Bg7 7.f3 O-O 8.Qd2 
Nc6 9.Bc4 Bd7 10.Bb3 Na5 11.O-O-O Rb8 12.g4 b5 13.Bh6 Nc4 14.Qg5 Ne5 15.h3
b4 16.Nd5 Nxd5 17.exd5 f6 18.Qe3 Bxh6 19.Qxh6 Nf7 20.Qe3 Rc8 21.f4 Re8 22.
Ne6 Qa5 23.h4 Ba4 24.Kb1 Bxb3 25.axb3 Nd8 26.h5 Nxe6 27.Qxe6+ Kf8 28.hxg6 
hxg6 29.Rh7 1-0

[Event "39th Pan-American U20"]
[Site "Asuncion PAR"]
[Date "2014.06.22"]
[Round "2.5"]
[White "Beroiz, Julian"]
[Black "Diaz Rosas, Julio Cesar"]
[Result "0-1"]
[WhiteElo "1895"]
[BlackElo "2290"]
[EventDate "2014.06.21"]
[PlyCount "80"]

1.e4 e5 2.Nf3 Nc6 3.Bb5 Nf6 4.Qe2 Bc5 5.c3 O-O 6.d3 Re8 7.O-O a6 8.Ba4 Ba7
9.Nbd2 b5 10.Bb3 Na5 11.Bc2 c5 12.Rd1 d5 13.a4 b4 14.c4 dxc4 15.Nxc4 Nc6 
16.a5 Bg4 17.Be3 Nd4 18.Bxd4 exd4 19.h3 Bd7 20.Bb3 Bb8 21.Rdc1 Bc7 22.Nfd2
Be6 23.Ba4 Nd7 24.Nb3 Qg5 25.Qf3 Bxc4 26.Rxc4 Ne5 27.Qf5 Qxf5 28.exf5 Nxc4
29.Bxe8 Ne5 30.f4 Nxd3 31.Bc6 Rd8 32.Be4 Nxb2 33.Nxc5 Bxf4 34.Nd3 Be3+ 35.
Kf1 Nc4 36.Ke2 b3 37.Ra4 b2 38.Rb4 b1=Q 39.Rxb1 Nd2 40.Rb6 Nxe4 0-1

[Event "39th Pan-American U20"]
[Site "Asuncion PAR"]
[Date "2014.06.22"]
[Round "2.6"]
[White "Squella Lavin, Carlos Felipe"]
[Black "Carneiro, Vitor Roberto Castr"]
[Result "0-1"]
[WhiteElo "2136"]
[BlackElo "2245"]
[EventDate "2014.06.21"]
[PlyCount "96"]

1.d4 Nf6 2.c4 g6 3.Nc3 Bg7 4.g3 O-O 5.Bg2 d6 6.Nf3 Nbd7 7.O-O e5 8.e4 c6 
9.h3 Qb6 10.dxe5 dxe5 11.Qc2 Re8 12.Be3 Qc7 13.Rfd1 Nf8 14.Bc5 Be6 15.b3 
Rad8 16.Rxd8 Rxd8 17.Rd1 Rxd1+ 18.Nxd1 N6d7 19.Be3 f6 20.Qd2 Bf7 21.Nh2 h5
22.f4 Ne6 23.f5 Nd4 24.Bxd4 exd4 25.Qxd4 Bf8 26.Qc3 Bc5+ 27.Kh1 Qd6 28.Qf3
Ne5 29.Qe2 Qd4 30.Qf1 g5 31.g4 b5 32.cxb5 cxb5 33.Nf3 Nxf3 34.Bxf3 hxg4 
35.hxg4 a5 36.Kg2 a4 37.e5 fxe5 38.Qxb5 e4 39.Qb8+ Kg7 40.Be2 e3 41.Qb7 
Bd6 42.Kf1 Qf4+ 43.Bf3 a3 44.Qe4 Qxe4 45.Bxe4 Bxb3 46.Nc3 Bc4+ 47.Kg2 e2 
48.Nxe2 Bxe2 0-1

[Event "39th Pan-American U20"]
[Site "Asuncion PAR"]
[Date "2014.06.22"]
[Round "2.7"]
[White "Blandon Villa, Diego F"]
[Black "Bueno Gauna, Cristian Alejandr"]
[Result "1-0"]
[WhiteElo "2220"]
[BlackElo "2052"]
[EventDate "2014.06.21"]
[PlyCount "87"]

1.e4 c5 2.Nf3 d6 3.d4 cxd4 4.Nxd4 Nf6 5.Nc3 a6 6.f3 e5 7.Nb3 Be6 8.Be3 h5 
9.Nd5 Nxd5 10.exd5 Bf5 11.Qd2 Be7 12.Be2 Nd7 13.a4 Qc7 14.Rc1 b6 15.O-O 
Nf6 16.Rfd1 O-O 17.a5 bxa5 18.Nxa5 Rfc8 19.Nc4 Rab8 20.Ra1 Rb5 21.Rxa6 
Rxd5 22.Qe1 Rxd1 23.Qxd1 Bf8 24.Bb6 Qc6 25.c3 Qd5 26.Qxd5 Nxd5 27.Bf2 Nf4 
28.Bf1 Nd3 29.Nxd6 Bxd6 30.Bxd3 Bxd3 31.Rxd6 Bc4 32.Be3 Ra8 33.Kf2 Ra2 34.
Rb6 f5 35.f4 e4 36.Bd4 h4 37.Rb8+ Kf7 38.Rb7+ Ke6 39.Bxg7 Ra1 40.Rb6+ Kd5 
41.Bf8 Bd3 42.b3 Ra2+ 43.Ke1 e3 44.Rd6+ 1-0

[Event "39th Pan-American U20"]
[Site "Asuncion PAR"]
[Date "2014.06.22"]
[Round "2.8"]
[White "Villalba, Marcelo"]
[Black "Heinechen, Juan"]
[Result "1-0"]
[WhiteElo "2195"]
[BlackElo "1767"]
[EventDate "2014.06.21"]
[PlyCount "108"]

1.d4 d5 2.c4 c6 3.Nc3 Nf6 4.Nf3 e6 5.Bg5 h6 6.Bh4 g5 7.Bg3 dxc4 8.e4 b5 9.
e5 Nd5 10.h4 g4 11.Nd2 h5 12.Nde4 Nd7 13.Be2 N7b6 14.O-O Be7 15.f3 Ne3 16.
Qd2 Nxf1 17.Rxf1 Bxh4 18.fxg4 Bxg3 19.Nd6+ Kf8 20.Rxf7+ Kg8 21.Nce4 Bh4 
22.Nf6+ Bxf6 23.exf6 Qxd6 24.Qg5+ Kxf7 25.Qg7+ Ke8 26.f7+ Kd8 27.Qxh8+ Kc7
28.f8=Q Qxf8 29.Qxf8 hxg4 30.Bxg4 Bd7 31.Qf4+ Kb7 32.Bf3 a5 33.g4 a4 34.
Qe3 Nd5 35.Bxd5 exd5 36.Qe7 Kc7 37.Qe5+ Kb6 38.g5 Rg8 39.Qe7 Bf5 40.a3 Be4
41.Kf2 Rh8 42.Kg3 Rh1 43.Kf4 Rh8 44.Ke5 Bd3 45.Kf4 Be4 46.Ke3 Bd3 47.Kd2 
Be4 48.Kc3 Bd3 49.Kb4 Rg8 50.Kc3 Rg6 51.Kb4 Be4 52.Qf8 Kc7 53.Kc5 b4 54.
Kxb4 Bf5 1-0

[Event "39th Pan-American U20"]
[Site "Asuncion PAR"]
[Date "2014.06.22"]
[Round "2.9"]
[White "Aizpurua, Patrick"]
[Black "Queiroz, Alberto Becker"]
[Result "1/2-1/2"]
[WhiteElo "2178"]
[BlackElo "2136"]
[EventDate "2014.06.21"]
[PlyCount "84"]

1.Nf3 Nf6 2.g3 e6 3.c4 d5 4.Bg2 dxc4 5.Qa4+ Nbd7 6.Qxc4 c5 7.d3 a6 8.O-O 
b5 9.Qc2 Bb7 10.b3 Be7 11.Bb2 O-O 12.Nbd2 Qb6 13.Rac1 Rac8 14.Qb1 Nd5 15.
d4 Rfd8 16.Ne4 c4 17.bxc4 bxc4 18.Nc3 Rb8 19.Qc2 Rdc8 20.Rb1 Qa5 21.Rbc1 
N7b6 22.Rfd1 Nb4 23.Qd2 Na4 24.Ba1 Nxc3 25.Bxc3 Qa3 26.Bxb4 Bxb4 27.Qc2 
Be7 28.Rb1 Bxf3 29.Bxf3 c3 30.d5 Rb2 31.Rxb2 Qxb2 32.Be4 Qxc2 33.Bxc2 Rd8 
34.dxe6 Rxd1+ 35.Bxd1 fxe6 36.Kg2 Kf7 37.Kf3 Bf6 38.Ke4 Ke7 39.Kd3 g5 40.
f4 gxf4 41.gxf4 Kd6 42.e4 Bg7 1/2-1/2

[Event "39th Pan-American U20"]
[Site "Asuncion PAR"]
[Date "2014.06.22"]
[Round "2.10"]
[White "Avalos, Mathias"]
[Black "Crespo Hidalgo, Carlos"]
[Result "1/2-1/2"]
[WhiteElo "1637"]
[BlackElo "2172"]
[EventDate "2014.06.21"]
[PlyCount "73"]

1.d4 f5 2.e4 fxe4 3.Nc3 Nf6 4.Bg5 Nc6 5.d5 Ne5 6.Qe2 d6 7.Bxf6 exf6 8.Qxe4
f5 9.Qa4+ Bd7 10.Bb5 c6 11.dxc6 bxc6 12.Be2 Qb6 13.Qb3 Rb8 14.Qxb6 axb6 
15.Nf3 Nxf3+ 16.Bxf3 d5 17.O-O Bb4 18.Rad1 Bxc3 19.bxc3 b5 20.a4 bxa4 21.
c4 Rb2 22.Ra1 c5 23.Bxd5 Kd8 24.Rfb1 Rxb1+ 25.Rxb1 Re8 26.Kf1 Kc7 27.Rb7+ 
Kd6 28.Ra7 g6 29.g3 h6 30.Ra6+ Ke5 31.c3 f4 32.Kg2 Kf5 33.Bf7 Rc8 34.Bxg6+
Ke5 35.Bc2 fxg3 36.hxg3 Bc6+ 37.Kf1 1/2-1/2

[Event "39th Pan-American U20"]
[Site "Asuncion PAR"]
[Date "2014.06.22"]
[Round "2.11"]
[White "Mendoza, Rodrigo"]
[Black "Benitez Galeano, Alejandro"]
[Result "1-0"]
[WhiteElo "2155"]
[BlackElo "1654"]
[EventDate "2014.06.21"]
[PlyCount "51"]

1.b3 d5 2.Nf3 Nf6 3.Bb2 Bf5 4.g3 e6 5.Bg2 Bd6 6.O-O h6 7.d3 O-O 8.Nbd2 Re8
9.Qe1 Bf8 10.e4 Bh7 11.Ne5 Nfd7 12.f4 Nxe5 13.fxe5 c5 14.Qf2 Qd7 15.exd5 
exd5 16.Bh3 Qe7 17.Bg2 Rd8 18.Nf3 Nc6 19.Rae1 Rac8 20.e6 f6 21.Nh4 Qe8 22.
Nf5 Ne7 23.g4 Qc6 24.Nxh6+ gxh6 25.Qxf6 Ng6 26.Qf7# 1-0

[Event "39th Pan-American U20"]
[Site "Asuncion PAR"]
[Date "2014.06.22"]
[Round "3.1"]
[White "Henriquez Villagra, Cristobal"]
[Black "Leiva, Giuseppe"]
[Result "1/2-1/2"]
[WhiteElo "2459"]
[BlackElo "2405"]
[EventDate "2014.06.21"]
[PlyCount "106"]

1.e4 c6 2.c4 d5 3.cxd5 cxd5 4.exd5 Nf6 5.Nc3 Nxd5 6.Bc4 Nxc3 7.bxc3 Qc7 8.
Qe2 e6 9.Nf3 Bd6 10.O-O O-O 11.d4 Nd7 12.Re1 b6 13.Bd3 Bb7 14.c4 Bxf3 15.
Qxf3 Bxh2+ 16.Kh1 Bd6 17.Re4 g6 18.Bb2 Rfe8 19.Rae1 Bf8 20.Rf4 f5 21.Rh4 
Rad8 22.g4 Bg7 23.gxf5 exf5 24.Rg1 Nf8 25.Ba3 Bf6 26.Rh3 Rxd4 27.Bxf5 Qf4 
28.Bd3 Qxf3+ 29.Rxf3 Rh4+ 30.Kg2 Rg4+ 31.Kf1 Rxg1+ 32.Kxg1 Re1+ 33.Kg2 Be7
34.c5 Kg7 35.Bb2+ Kh6 36.c6 Ne6 37.Bc3 Rd1 38.Bc4 Rd6 39.Bxe6 Rxe6 40.Bd2+
g5 41.Re3 Rxc6 42.Rxe7 Rc2 43.Be3 Rxa2 44.Re5 Ra5 45.Bxg5+ Kg6 46.Rxa5 
bxa5 47.Be3 a4 48.Bc5 Kf5 49.Kf3 h5 50.Bxa7 a3 51.Bd4 a2 52.Bb2 Kg5 53.Kg3
Kf5 1/2-1/2

[Event "39th Pan-American U20"]
[Site "Asuncion PAR"]
[Date "2014.06.22"]
[Round "3.2"]
[White "Vazquez, Guillermo"]
[Black "Blandon Villa, Diego F"]
[Result "1/2-1/2"]
[WhiteElo "2330"]
[BlackElo "2220"]
[EventDate "2014.06.21"]
[PlyCount "75"]

1.e4 c5 2.Nf3 d6 3.d4 cxd4 4.Nxd4 Nf6 5.Nc3 g6 6.g3 Nc6 7.Nde2 h5 8.h3 Bd7
9.Bg2 Qc8 10.Nd5 Bg7 11.a4 Rb8 12.Nef4 b5 13.axb5 Rxb5 14.O-O O-O 15.c3 
Re8 16.Kh2 Qb8 17.Ra2 Bc8 18.Nd3 Nd7 19.f4 Nb6 20.Nxb6 Qxb6 21.f5 gxf5 22.
Nf4 fxe4 23.Bxe4 Qc5 24.b4 Qc4 25.Re2 Re5 26.Bd5 Rxd5 27.Nxd5 Ne5 28.Rf4 
Qc6 29.Ref2 Be6 30.c4 Nxc4 31.Ne3 Ne5 32.Nf5 Bxf5 33.Rxf5 Rc8 34.Bb2 e6 
35.Bxe5 exf5 36.Bxg7 Kxg7 37.Qxh5 Qe4 38.Qg5+ 1/2-1/2

[Event "39th Pan-American U20"]
[Site "Asuncion PAR"]
[Date "2014.06.22"]
[Round "3.3"]
[White "Diaz Rosas, Julio Cesar"]
[Black "Principe, Alexander"]
[Result "0-1"]
[WhiteElo "2290"]
[BlackElo "2250"]
[EventDate "2014.06.21"]
[PlyCount "58"]

1.d4 Nf6 2.c4 g6 3.Nc3 Bg7 4.e4 d6 5.Nge2 O-O 6.Ng3 c5 7.d5 e6 8.Be2 exd5 
9.exd5 Na6 10.h4 Nc7 11.h5 b5 12.cxb5 Bb7 13.hxg6 fxg6 14.Bh6 Bxh6 15.Rxh6
Nfxd5 16.Qd2 Nxc3 17.bxc3 Qf6 18.O-O-O Bxg2 19.Rg1 Bd5 20.Nh5 Qe5 21.Bd3 
Be4 22.Bxe4 Qxe4 23.Qxd6 Ne8 24.Qd2 Rb8 25.a4 Rf7 26.Qa2 Qf3 27.Rg3 Qh1+ 
28.Kb2 Qe1 29.Ka3 Qc1+ 0-1

[Event "39th Pan-American U20"]
[Site "Asuncion PAR"]
[Date "2014.06.22"]
[Round "3.4"]
[White "Carneiro, Vitor Roberto Castr"]
[Black "Barros Rivadeneira, Cristhian"]
[Result "1-0"]
[WhiteElo "2245"]
[BlackElo "2323"]
[EventDate "2014.06.21"]
[PlyCount "84"]

1.e4 c5 2.Nf3 Nc6 3.d4 cxd4 4.Nxd4 g6 5.Nc3 Bg7 6.Be3 Nf6 7.Bc4 O-O 8.f3 
Qb6 9.Bb3 Nxe4 10.Nd5 Qa5+ 11.c3 Nc5 12.Nxc6 dxc6 13.Nxe7+ Kh8 14.Nxc8 
Nxb3 15.axb3 Qe5 16.Kf2 Rfxc8 17.Bd4 Qb5 18.c4 Qg5 19.Bxg7+ Kxg7 20.Qd4+ 
Kg8 21.Rad1 Rd8 22.h4 Qa5 23.Qc3 Qc5+ 24.Kg3 a5 25.Qf6 Re8 26.Rd7 Qe5+ 27.
Qxe5 Rxe5 28.Rhd1 Re2 29.Rxb7 Rxb2 30.Rdd7 Rf8 31.Rdc7 h5 32.c5 Rb1 33.Kf4
a4 34.bxa4 Rxb7 35.Rxb7 Ra8 36.Ke5 Rd8 37.Kf6 Rd5 38.a5 Rf5+ 39.Ke7 Rxc5 
40.a6 Kg7 41.a7 Ra5 42.Kd6 Ra1 1-0

[Event "39th Pan-American U20"]
[Site "Asuncion PAR"]
[Date "2014.06.22"]
[Round "3.5"]
[White "Cantero, Rodolfo"]
[Black "Cori Quispe, Kevin"]
[Result "1/2-1/2"]
[WhiteElo "1722"]
[BlackElo "2211"]
[EventDate "2014.06.21"]
[PlyCount "110"]

1.e4 c5 2.Nf3 e6 3.Nc3 Nc6 4.d4 cxd4 5.Nxd4 Qc7 6.Be3 a6 7.g3 Nf6 8.Bg2 
Be7 9.O-O Ne5 10.Bf4 d6 11.Nf3 O-O 12.Nxe5 dxe5 13.Be3 b5 14.Qe2 b4 15.Na4
Rb8 16.b3 Bd7 17.Nb2 Bb5 18.Nd3 Rbc8 19.Rac1 Nd7 20.Rfd1 Qa5 21.Ra1 Rc3 
22.Bd2 Rxc2 23.Bxb4 Rxe2 24.Bxa5 Nc5 25.Nxc5 Bxc5 26.Be1 Bd4 27.Rac1 Rxa2 
28.Rd2 Ra3 29.b4 g6 30.Bf1 Rb8 31.Bxb5 Rxb5 32.Rdc2 Rb7 33.Kg2 Kg7 34.Bd2 
Rd7 35.Rb1 h6 36.b5 a5 37.b6 Rb7 38.Rb5 a4 39.Bb4 Rb3 40.Ra2 g5 41.Rxa4 
Rb2 42.Kh3 Bxf2 43.Bf8+ Kxf8 44.Rxb2 Bd4 45.Rb3 Rxb6 46.Rxb6 Bxb6 47.Kg4 
Kg7 48.Ra6 Be3 49.Rc6 Bd4 50.h4 gxh4 51.gxh4 Be3 52.Rc3 Bd2 53.Rg3 Bf4 54.
Rg2 Kg6 55.h5+ Kf6 1/2-1/2

[Event "39th Pan-American U20"]
[Site "Asuncion PAR"]
[Date "2014.06.22"]
[Round "3.6"]
[White "Arias, Daniel"]
[Black "Villalba, Marcelo"]
[Result "1/2-1/2"]
[WhiteElo "2196"]
[BlackElo "2195"]
[EventDate "2014.06.21"]
[PlyCount "24"]

1.e4 e5 2.Nf3 Nc6 3.Bb5 f5 4.d3 fxe4 5.dxe4 Nf6 6.Qd3 Bb4+ 7.c3 Bc5 8.O-O 
d6 9.b4 Bb6 10.Nbd2 O-O 11.Nc4 Qe8 12.a4 d5 1/2-1/2